Contenido económico del populismo /

Guardado en:
Bibliografiske detaljer
Hovedforfatter: Lenin, Vladimir Ilich
Andre forfattere: Claudín, Fernando present. y notas
Format: Texto
Udgivet: Madrid: Siglo XXI
Tags: Tilføj Tag
Ingen Tags, Vær først til at tagge denne postø!

MARC

LEADER 00000 a a2200000 04500
001 22584
003
040
020 |a 84-323-0148-5  
090 |a 154700  
100 |a Lenin, Vladimir Ilich  
245 |a Contenido económico del populismo /  |c Vladimir Ilich Lenin 
260 |a Madrid:   |b Siglo XXI  
300 |a 247 p; vol. I  
700 |a Claudín, Fernando   |a present. y notas  
999 |c 14030  |d 14030